| LEADER 00000nam 2200000uu 4500 |
| 001 13399112247 |
| 003 BCNR |
| 008 110526s2552||||th 000 0 tha d |
| 020 9742943656
|
| 041 0 tha
|
| 060 04 WB50.JT3^bก495 2552
|
| 245 00 การแพทย์แผนไทยกับการดูแลสุขภาพ /^cคณะผู้จัดทำ, พรทิพย์ เติมวิเศษ ... [และคนอื่นๆ]
|
| 250 พิมพ์ครั้งที่ 10
|
| 260 [นนทบุรี] :^bสถาบันการแพทย์แผนไทย กรมพัฒนาการแพทย์แผนไทยและการแพทย์ทางเลือก,^c2552
|
| 300 088 หน้า :^bภาพประกอบสี ;^c21 ซม.
|
| 650 7 การรักษาด้วยสมุนไพร
|
| 650 7 สมุนไพร^xการใช้รักษา
|
| 650 7 การแพทย์แผนไทย
|
| 650 7 ยาสมุนไพร
|
| 700 0 พรทิพย์ เติมวิเศษ
|
| 710 2 สถาบันการแพทย์แผนไทย
|
| 710 2 กรมพัฒนาการแพทย์แผนไทยและการแพทย์ทางเลือก. ^bสถาบันการแพทย์แผนไทย
|
| 999 ^aบรรณารักษ์
|